000 00343nam a2200133Ia 4500
005 20260328101520.0
008 260328s9999||||xx |||||||||||||| ||und||
100 _aCroiset, Maurice
245 0 _aL'hygrothermique dans le batiment /
_cMaurice Croiset
260 _bEyrolles
300 _a227 p.
650 _aDETALLES CONSTRUCTIVOS
942 _cBK
999 _c9543
_d9543